<?xml version="1.0" encoding="UTF-8"?>
<record
    xmlns:xsi="http://www.w3.org/2001/XMLSchema-instance"
    xsi:schemaLocation="http://www.loc.gov/MARC21/slim http://www.loc.gov/standards/marcxml/schema/MARC21slim.xsd"
    xmlns="http://www.loc.gov/MARC21/slim">

  <leader>03437nam a2200337 a 4500</leader>
  <controlfield tag="001">ebr10657538</controlfield>
  <controlfield tag="003">CaPaEBR</controlfield>
  <controlfield tag="006">m     o  u        </controlfield>
  <controlfield tag="007">cr cn|||||||||</controlfield>
  <controlfield tag="008">110520s2011    enka    sb    001 0 eng d</controlfield>
  <datafield tag="010" ind1=" " ind2=" ">
    <subfield code="z">  2011019568</subfield>
  </datafield>
  <datafield tag="020" ind1=" " ind2=" ">
    <subfield code="z">1848212372</subfield>
  </datafield>
  <datafield tag="020" ind1=" " ind2=" ">
    <subfield code="z">9781848212374</subfield>
  </datafield>
  <datafield tag="020" ind1=" " ind2=" ">
    <subfield code="z">9781118586464 (e-book)</subfield>
  </datafield>
  <datafield tag="040" ind1=" " ind2=" ">
    <subfield code="a">CaPaEBR</subfield>
    <subfield code="c">CaPaEBR</subfield>
  </datafield>
  <datafield tag="035" ind1=" " ind2=" ">
    <subfield code="a">(OCoLC)827944720</subfield>
  </datafield>
  <datafield tag="050" ind1="1" ind2="4">
    <subfield code="a">HD38.7</subfield>
    <subfield code="b">.C6593 2011eb</subfield>
  </datafield>
  <datafield tag="082" ind1="0" ind2="4">
    <subfield code="a">658.4/72</subfield>
    <subfield code="2">23</subfield>
  </datafield>
  <datafield tag="245" ind1="0" ind2="0">
    <subfield code="a">Competitive intelligence and decision problems</subfield>
    <subfield code="h">[electronic resource] /</subfield>
    <subfield code="c">edited by Amos David.</subfield>
  </datafield>
  <datafield tag="260" ind1=" " ind2=" ">
    <subfield code="a">London :</subfield>
    <subfield code="b">ISTE ;</subfield>
    <subfield code="a">Hoboken, N.J. :</subfield>
    <subfield code="b">John Wiley &amp; Sons,</subfield>
    <subfield code="c">2011.</subfield>
  </datafield>
  <datafield tag="300" ind1=" " ind2=" ">
    <subfield code="a">xii, 348 p. :</subfield>
    <subfield code="b">ill.</subfield>
  </datafield>
  <datafield tag="504" ind1=" " ind2=" ">
    <subfield code="a">Includes bibliographical references and index.</subfield>
  </datafield>
  <datafield tag="505" ind1="0" ind2=" ">
    <subfield code="a">Models and tools -- A model for transforming decision problem to information search problems / Philippe Kislin -- Proposal of tools for competitive intelligence dedicated analysis : from information collection to information treatment / Ilheme Ghalamallah, Eloise Loubier et Bernard Dousset -- The synergy of knowledge management and competitive intelligence / Bolanle OLADEJO et Adenike Osofisan -- Collaborative information retrieval in competitive intelligence process / Victor Odumuyiwa -- The study of risk factors for decision making in competitive intelligence : cognitive approach / Olufade F.W. Onifade, Odile Thiery et Gerald Duffing -- Multimedia information retrieval and access based on the process of competitive intelligence / Hanene MaghrebI -- Strategies for the analysis of chinese information sources within the framework of competitive intelligence / Nadege Guenec, Clement Paoli -- Tagging strategy based on the semio-contextual approach of corpus for the elaboration of controlled databases / Lise Verlaet -- Design and development of generating and exploiting annotation model in the context of economic intelligence / Olusoji Okunoye -- Contribution of cognitive sciences for document indexing for scientific, technical and competitive watch, for competitive intelligence / Elisabeth Paoli-Scarbonchi et Nadege Guenec -- Competitive intelligence and governance -- Integration of competitive intelligence and watch in an academic research laboratory / Jacky Kister et Henri Dou -- The junction of e-health with competitive intelligence (economic intelligence) and societal and territorial intelligence in france / Christian Bourret -- Short term governance and development of products within competitive poles : the example of commercial application fire -- henri dou -- Competitive intelligence and enterprise universities / Claudia Camelo, Miguel Rombert Trigo, Luc Quoniame, Joao Casqueira Cardoso -- Towards the emergence of new functions for supervising competitive intelligence (economic intelligence in regions) / Audrey Knauf -- Attractivity of territories and territorial intelligence : what indicators for what attractivity ? / Nathalie Fabry, Sylvain Zeghni.</subfield>
  </datafield>
  <datafield tag="533" ind1=" " ind2=" ">
    <subfield code="a">Electronic reproduction.</subfield>
    <subfield code="b">Palo Alto, Calif. :</subfield>
    <subfield code="c">ebrary,</subfield>
    <subfield code="d">2015.</subfield>
    <subfield code="n">Available via World Wide Web.</subfield>
    <subfield code="n">Access may be limited to ebrary affiliated libraries.</subfield>
  </datafield>
  <datafield tag="650" ind1=" " ind2="0">
    <subfield code="a">Business intelligence.</subfield>
  </datafield>
  <datafield tag="650" ind1=" " ind2="0">
    <subfield code="a">Decision making.</subfield>
  </datafield>
  <datafield tag="655" ind1=" " ind2="7">
    <subfield code="a">Electronic books.</subfield>
    <subfield code="2">local</subfield>
  </datafield>
  <datafield tag="700" ind1="1" ind2=" ">
    <subfield code="a">David, Amos.</subfield>
  </datafield>
  <datafield tag="710" ind1="2" ind2=" ">
    <subfield code="a">ebrary, Inc.</subfield>
  </datafield>
  <datafield tag="856" ind1="4" ind2="0">
    <subfield code="u">http://site.ebrary.com/lib/rucke/Doc?id=10657538</subfield>
    <subfield code="z">An electronic book accessible through the World Wide Web; click to view</subfield>
  </datafield>
  <datafield tag="999" ind1=" " ind2=" ">
    <subfield code="c">76949</subfield>
    <subfield code="d">76949</subfield>
  </datafield>
</record>
